Bélgica heroica, Relatos de combatientes reunidos por el Barón G. Buffin, Ministro de la Guerra, Traducción castellana por D. Juan Laguía Lliteras
में बचाया:
| मुख्य लेखक: | |
|---|---|
| स्वरूप: | पुस्तक |
| भाषा: | स्पेनिश |
| प्रकाशित: |
Barcelona
Bloud y Gay
1918
|
| संस्करण: | 1a. ed |
| विषय: | |
| टैग: |
टैग जोड़ें
कोई टैग नहीं, इस रिकॉर्ड को टैग करने वाले पहले व्यक्ति बनें!
|
MARC
| LEADER | 00000nam a2200000 a 4500 | ||
|---|---|---|---|
| 001 | UCJ6751 | ||
| 003 | CL-VaPUC | ||
| 008 | 070124e19180000SP |||||||||||||||||spa|d | ||
| 082 | 0 | 4 | |a 949 |b BUF |2 21 |
| 100 | 0 | |a Buffin, G. |e author |9 514024 | |
| 245 | 1 | 0 | |a Bélgica heroica, Relatos de combatientes reunidos por el Barón G. Buffin, Ministro de la Guerra, Traducción castellana por D. Juan Laguía Lliteras |
| 250 | |a 1a. ed | ||
| 300 | |a 389 p | ||
| 942 | |c BK | ||
| 945 | |d 20070124 00:00:00 |a rinostro | ||
| 260 | |a Barcelona |b Bloud y Gay |c 1918 | ||
| 650 | 7 | |a GUERRA MUNDIAL I |2 CL-VaPUC |9 399774 | |
| 650 | 7 | |a MEMORIAS |2 CL-VaPUC |9 269159 | |
| 650 | 0 | |a Operaciones militares |9 372045 | |
| 651 | 0 | |a Alemania |9 255688 | |
| 651 | 7 | |a BELGICA |2 CL-VaPUC |9 315122 | |
| 583 | |a last modification |c 20070124 00:00:00 |k Rodrigo Vera | ||
| 999 | |c 322853 |d 322851 | ||
| 952 | |0 0 |1 0 |4 0 |6 949_000000000000000_BUF_1918 |7 0 |8 X |9 401978 |a FDOBUD |b FDOBUD |d 2019-11-22 |i 1052403 |o 949 BUF 1918 |p 1052403 |r 2019-11-22 |w 2019-11-22 |y BK_X |k BUD | ||